Catálogo colectivo de publicaciones periódicas.

Պահպանված է:
Մատենագիտական մանրամասներ
Համատեղ հեղինակ: Universidad Complutense de Madrid. Facultad de Derecho. Biblioteca
Ձևաչափ: Գիրք
Լեզու:անգլերեն
Հրապարակվել է: Madrid, España: Universidad de Navarra, 1992.
Ցուցիչներ: Ավելացրեք ցուցիչ
Չկան պիտակներ, Եղեք առաջինը, ով նշում է այս գրառումը!

MARC

LEADER 00000nam a22000007a 4500
003 CL-VaPUC
005 20220822114438.0
008 220322t1992 ||||| |||| 00| 0 eng d
999 |c 435040  |d 435038 
020 |a 84-86926-45-9 
040 |c Pontificia Universidad Católica de Valparaíso 
110 |a Universidad Complutense de Madrid.  |9 867547  |b Facultad de Derecho. Biblioteca.  
245 |a Catálogo colectivo de publicaciones periódicas.  
260 |a Madrid, España:   |b Universidad de Navarra,   |c 1992.  
300 |a 650 páginas.  
500 |a c.1 Donación Familia Prof. Alejandro Guzmán Brito. 
505 |a Sumario: - I. Presentación. - II. Normas de uso. - III. Relación de siglas. - IV. Relación de publicaciones periódicas. - V. Índices: - Materias. - Entidades. 
583 |c 20220322  |k Yessy Stephany Diaz Vidal 
942 |2 ddc  |c BK  |n 0 
952 |0 0  |1 0  |2 ddc  |4 0  |7 0  |8 C_AGB  |9 582043  |a BIBDER  |b BIBDER  |d 2022-03-22  |e Donación   |i 5650296  |p 5650296  |r 2022-03-22  |t 1  |w 2022-03-22  |y BK_US  |k AGB